| 000 | 00733nam a2200193Ia 4500 | ||
|---|---|---|---|
| 003 | GCL | ||
| 008 | 140319s9999 xx 000 0 ara d | ||
| 040 |
_aGCL / _cGCL |
||
| 082 | 0 | 4 |
_a421.52 _bه ا |
| 100 | 1 | _aفؤاد حداد | |
| 245 | 1 | 0 |
_aالى جميع المبتدئين ومن يريد مراجعه ما تعلمه: دورة دراسية سريعه لتعلم اللغة الانكليزية عن طريق الراديو والتسجيلات / _cفؤاد حداد |
| 700 | 1 | _aهكس , ديفيد | |
| 300 | _a406 ص | ||
| 490 |
_aالهيئة العامة للاستعلامات _v0 |
||
| 650 | 0 | 4 | _aاللغة الانجليزية |
| 650 | 0 | 4 | _aتعليم اللغات |
| 650 | 0 | 4 | _aالمحادثة |
| 942 |
_2ddc _cBK |
||
| 999 |
_c51727 _d51727 |
||